Priateľská návšteva Šternberk

Bibliographic Details
Main Author: Balážiková (Author)
Format: Article
Language:Slovak
Subjects:

MARC

LEADER 00000nab a2200000 a 4500
001 vtls001003603
003 SK-MaSNL
005 20260304213540.0
008 040720e19970000xo 0 slo
035 |a RV4203 
040 |a RVGKPD  |b slo  |c RVGKPD  |e AACR2 
041 0 |a slo 
044 |a xo  |c SK 
080 |a 394.912(437.6+437)  |2 1981 
100 0 |a Balážiková  |4 aut  |9 1024642 
245 1 0 |a Priateľská návšteva Šternberk 
650 0 7 |a návštevy  |2 RVGKPD  |9 726269 
651 7 |a Šternberk (Česko)  |2 RVGKPD  |9 58592 
651 7 |a Gočovo (Slovensko)  |2 RVGKPD  |9 58511 
655 7 |a periodikum  |2 snkbucl  |9 29553 
773 0 8 |t Dobšinské noviny, č.12 (1997), s. 1 
852 |a ZVYKNI  |b KIS3GCP 
999 |c 3136372  |d 3138302